Statistics for Most Known Harry Potter Characters

Click here to take the quiz!

General Stats

  • This quiz has been taken 46 times
  • The average score is 16 of 32

Answer Stats

HintAnswer% Correct
100Harry Potter
100%
99Ron Weasley
69%
94Severus Snape
63%
97Albus Dumbledore
60%
99Hermoine Granger
60%
89Rubeus Hagrid
60%
89Draco Malfoy
57%
87Fred Weasley
57%
87George Weasley
57%
87Ginny Weasley
57%
94Voldemort
57%
81James Potter
51%
81Lily Potter
51%
86Minerva McGonagall
51%
82Neville Longbottom
51%
80Remus Lupin
51%
86Sirius Black
51%
73Molly Weasley
49%
67Arthur Weasley
46%
69Cedric Diggory
46%
68Cho Chang
46%
66Dolores Umbridge
46%
66Dudley Dursley
46%
76Lucius Malfoy
46%
73Bellatrix Lestrange
43%
66Bill Weasley
43%
68Dobby
43%
67Percy Weasley
43%
71Peter Pettigrew
43%
67Alastor "Mad-Eye" Moody
40%
69Katie Bell
37%
78Luna Lovegood
11%

Score Distribution

Percentile by Number Answered

Percent of People with Each Score

Your Score History

You have not taken this quiz